00556cem a22001811 4500001001100000005001700011007000900028008004100037020001200078034000600090040001500096110003700111245008000148255002600228260004000254300005000294651003000344000000893520151217161139.0aj cauun080623s xx a 0 eng d cKES 5950 aa aKABUcKABU2 aTourist Maps (Kenya)@000015974812aA New political map of Africah[map] /ccompiled, drawn by Tourist Maps (K) aScale 1 : 10,000,000. aNairobi :bTourist Maps (K),c1998. a1 map :bcol ;c90x71 cm, folded to 25x13 cm. 0aAfricaxMaps.@0000159757